<?xml version="1.0" encoding="UTF-8"?>
<record
    xmlns:xsi="http://www.w3.org/2001/XMLSchema-instance"
    xsi:schemaLocation="http://www.loc.gov/MARC21/slim http://www.loc.gov/standards/marcxml/schema/MARC21slim.xsd"
    xmlns="http://www.loc.gov/MARC21/slim">

  <leader>01053nam a2200253 a 4500</leader>
  <controlfield tag="001">BRL_1533</controlfield>
  <controlfield tag="005">20190320211241.0</controlfield>
  <controlfield tag="008">180214s1963----mx-ao#####---#000-0#spa-#</controlfield>
  <datafield tag="041" ind1=" " ind2=" ">
    <subfield code="a">spa</subfield>
  </datafield>
  <datafield tag="044" ind1=" " ind2=" ">
    <subfield code="a">mx</subfield>
  </datafield>
  <datafield tag="050" ind1=" " ind2="4">
    <subfield code="a">NB1098</subfield>
    <subfield code="b">.E83 1963</subfield>
  </datafield>
  <datafield tag="245" ind1="1" ind2="0">
    <subfield code="a">Escultura Africana</subfield>
    <subfield code="b">Universidad Nacional Aut&#xF3;noma de M&#xE9;xico, Direcci&#xF3;n General de Difusi&#xF3;n Cultural, Museo de Ciencias y Arte, Ciudad Universitaria, M&#xE9;xico, D.F., mayo-junio de 1963</subfield>
    <subfield code="c">museograf&#xED;a a cargo de Alfonso Soto Soria ; fotograf&#xED;as de Bob Schalkwijk.</subfield>
  </datafield>
  <datafield tag="260" ind1=" " ind2=" ">
    <subfield code="a">M&#xE9;xico</subfield>
    <subfield code="b">Librer&#xED;a Madero</subfield>
    <subfield code="c">1963</subfield>
  </datafield>
  <datafield tag="300" ind1=" " ind2=" ">
    <subfield code="a">71 p.</subfield>
    <subfield code="b">il., mapas, fotograf&#xED;a (blanco y negro)</subfield>
    <subfield code="c">24 cm.</subfield>
  </datafield>
  <datafield tag="500" ind1=" " ind2=" ">
    <subfield code="a">Au1808</subfield>
  </datafield>
  <datafield tag="504" ind1=" " ind2=" ">
    <subfield code="a">Bibliograf&#xED;a: p. 26</subfield>
  </datafield>
  <datafield tag="650" ind1="1" ind2="4">
    <subfield code="a">Escultura Africana</subfield>
    <subfield code="v">Exposiciones</subfield>
    <subfield code="9">27194</subfield>
  </datafield>
  <datafield tag="650" ind1="1" ind2="4">
    <subfield code="a">Arte negro</subfield>
    <subfield code="v">Exposiciones</subfield>
    <subfield code="9">27195</subfield>
  </datafield>
  <datafield tag="700" ind1="1" ind2=" ">
    <subfield code="a">Schalwijk, Bob</subfield>
    <subfield code="e">il.</subfield>
    <subfield code="9">27196</subfield>
  </datafield>
  <datafield tag="700" ind1="1" ind2=" ">
    <subfield code="a">Soto Soria, Alonso</subfield>
    <subfield code="9">27197</subfield>
  </datafield>
  <datafield tag="710" ind1="2" ind2=" ">
    <subfield code="a">Universidad Nacional Autonoma de Mexico</subfield>
    <subfield code="b">Direccion General de Difusion Cultural, Museo de Ciencias y Arte</subfield>
    <subfield code="9">27198</subfield>
  </datafield>
  <datafield tag="902" ind1=" " ind2=" ">
    <subfield code="a">GRL</subfield>
  </datafield>
  <datafield tag="942" ind1=" " ind2=" ">
    <subfield code="2">lcc</subfield>
    <subfield code="c">B</subfield>
  </datafield>
  <datafield tag="999" ind1=" " ind2=" ">
    <subfield code="c">10342</subfield>
    <subfield code="d">10342</subfield>
  </datafield>
  <datafield tag="952" ind1=" " ind2=" ">
    <subfield code="0">0</subfield>
    <subfield code="1">0</subfield>
    <subfield code="4">0</subfield>
    <subfield code="7">0</subfield>
    <subfield code="a">BRL</subfield>
    <subfield code="b">BRL</subfield>
    <subfield code="d">2014-02-18</subfield>
    <subfield code="i">Au1808</subfield>
    <subfield code="l">0</subfield>
    <subfield code="o">NB1098 .E83 1963 (Au1808)</subfield>
    <subfield code="p">GRL01692</subfield>
    <subfield code="r">2019-03-22 00:00:00</subfield>
    <subfield code="w">2019-03-22</subfield>
    <subfield code="y">B</subfield>
  </datafield>
</record>
